LIBRARY & INFORMATION CENTRE, KCAET, TAVANUR

ONLINE PUBLIC ACCESS CATALOGUE (OPAC)

Evaluation of aquifer parameters from drawdown and pumping out data in open wells (Record no. 15156)

MARC details
000 -LEADER
fixed length control field 00811nam a22002177a 4500
003 - CONTROL NUMBER IDENTIFIER
control field OSt
088 ## - REPORT NUMBER
Report number P 283
100 ## - MAIN ENTRY--AUTHOR NAME
Personal name HARIPRIYA P. R
245 ## - TITLE STATEMENT
Title Evaluation of aquifer parameters from drawdown and pumping out data in open wells
260 ## - PUBLICATION, DISTRIBUTION, ETC. (IMPRINT)
Place of publication Tavanur 2014
Name of publisher Department of Irrigation and Drainage Engineering
300 ## - PHYSICAL DESCRIPTION
Number of Pages 85
500 ## - GENERAL NOTE
General note Evaluation of aquifer parameters from drawdown and pumping out data in open wells
520 ## - SUMMARY, ETC.
Summary, etc Evaluation of aquifer parameters from drawdown and pumping out data in open wells
700 ## - ADDED ENTRY--PERSONAL NAME
Personal name Neetha Shaju
700 ## - ADDED ENTRY--PERSONAL NAME
Personal name Sandeep Soman
700 ## - ADDED ENTRY--PERSONAL NAME
Personal name Yuvraj Siddharth
700 ## - ADDED ENTRY--PERSONAL NAME
Personal name Dr. K. V Levan (Guide)
856 ## - ELECTRONIC LOCATION AND ACCESS
Uniform Resource Identifier https://drive.google.com/open?id=14EvwVyZ_RJ2kBbE2II5HwohBrmFFavZW
942 ## - ADDED ENTRY ELEMENTS (KOHA)
Koha item type Project Report
Holdings
Collection code Home library Current library Shelving location Full call number Accession Number Koha item type
Reference KAUAET KAUAET Reference 631.587 HAR/EV P 283 Project Report
free website counter